=LDR 00000nam 2200000 4500 =001 NUTBA000000000006345 =005 20141204141627.0 =006 =007 =008 =020 ##$$a 978-602-8872-45-4 =035 ##$$a 0010-121400000000069 =040 ##$$a NBPDMAT =082 ##$$a 580 =090 ##$$a 580 $b Dia m =100 ##$$a Dian Oky Saktyowati =245 ##$$a Mengenal dunia tumbuhan / $c Dian Oky Saktyyowati =260 ##$$a Jakarta : $b Mulia Utama, $c 2011 =300 ##$$a vi, 84 hlm. : $b ilus. ; $c 25 cm. =700 ##$$a Tanaman